| 000 | 00527nam a2200157 4500 | ||
|---|---|---|---|
| 001 | 109951 | ||
| 003 | ES-MaACL | ||
| 005 | 20230906184940.0 | ||
| 007 | t| | ||
| 008 | 061121s1971 sp r ||||1| spa d | ||
| 100 | 0 |
_aMohammed Reza Pahlevi _cSha de Irán. _981795 |
|
| 245 | 1 | 3 |
_aLa revolución social del Irán _b: por Mohammad reza Pahlavi Aryamehr, Shahinshad del Irán. |
| 260 |
_aMadrid : _b[s. n.], _c1971 ( _fGráf. Rofer) |
||
| 300 |
_a159 p., 1 lám. : _bretr. aut. ; _c24 cm. |
||
| 852 |
_aES-MaACL _jC-44488 _bR.78231 |
||
| 999 |
_c109951 _d109951 |
||